[Event "RUS-chT 09th Group2"]
[Site "Ekaterinburg"]
[Date "2002.05.20"]
[Round "4"]
[White "Kotsur, Pavel"]
[Black "Kurnosov, Igor"]
[Result "1-0"]
[WhiteElo "2578"]
[BlackElo "2419"]
[Annotator "Ftacnik,L"]
[PlyCount "137"]
[EventDate "2002.05.17"]
[EventType "team-tourn"]
[EventRounds "7"]
[EventCountry "RUS"]
[SourceTitle "CBM 090"]
[Source "ChessBase"]
[SourceDate "2002.09.20"]
[SourceVersion "1"]
[SourceVersionDate "2002.09.20"]
[SourceQuality "1"]
[WhiteTeam "Tomsk 400"]
[BlackTeam "Satka Magnezit"]
[WhiteTeamCountry "RUS"]
[BlackTeamCountry "RUS"]

1. e4 c5 2. Nf3 e6 3. d4 cxd4 4. Nxd4 Nf6 5. Nc3 d6 6. Be2 a6 7. O-O Nc6 8. Be3
Be7 9. a4 O-O 10. f4 Qc7 11. Kh1 Re8 12. Bf3 Bf8 13. Nb3 b6 14. a5 bxa5 15. e5
dxe5 16. Nxa5 $5 $146 {[%mdl 4] Kotsur has done some work at home and he comes
up with an idea to rehabilitate the fading energy of 14.a5 variation with a
courageous novelty.} (16. fxe5 Rd8 17. Nd4 Nxd4 (17... Nd5 18. Nxc6 Qxc6 19.
Rxa5 Bb7 20. Nxd5 exd5 21. Qd2 Qe6 22. Bd4 {Bratovic,B-Lazar,A/Bled op 23rd/
2002/ 1-0}) 18. Bxa8 (18. Bxd4 Bb7 (18... Nd5 19. Nxd5 exd5 20. Qd2 Bf5 21.
Qxa5 Qxa5 22. Rxa5 Bxc2 23. Bxd5 Bb4 24. Bxf7+ Kh8 25. Rd5 Rxd5 26. Bxd5 Rd8
27. Bc3 Rxd5 28. Bxb4 Rd1 {1/2-1/2 Van der Wiel,J-Van Wely,L/Rotterdam 2000/ 
(37)}) 19. exf6 e5 20. Ra4 (20. fxg7 Bxg7 21. Bxe5 Qxe5 22. Qe1 Qxe1 23. Rfxe1
Bxf3 24. gxf3 Rd2 25. Rxa5 Rxc2 {0-1 Vehi Bach,V-Van Wely,L/Vlissingen 2001/ 
(96)}) 20... exd4 21. Rxd4 Rxd4 22. Qxd4 Bxf3 23. Rxf3 Rd8 24. Qg4 Qe5 25. Rf1
g6 26. Qf3 Rd2 27. Rf2 Rxc2 {0-1 Marjanovic,S-Belov,V/Ano Liosia 2001/ (35)})
18... Qxe5 19. Bg1 (19. Bf4 Qc5 20. Ne4 Nxe4 21. Bxe4 f5 22. Bf3 e5 23. Be3 Qc7
24. Bxd4 Rxd4 25. Bd5+ Kh8 26. Qf3 g6 {1/2-1/2 Nisipeanu,L-Georgiev,K/New
Delhi/Theran 2000/ (66)}) 19... Be7 20. Nd5 Nxd5 21. Bxd4 Qb8 22. Qh5 f5 23.
Bxd5 Rxd5 24. Qe8+ Bf8 25. Bc3 Qb7 26. Rxa5 Bd7 27. Qh5 Rxa5 28. Bxa5 Qxb2 {
0-1 Tiviakov,S-Shipov,S/Port Erin 1999/ (45)}) 16... Nxa5 (16... e4 17. Nxe4
Nd5 18. Bd2 Nxa5 (18... Nd4 19. c4 $16) 19. Bxa5 Qb8 20. Ng5 Ra7 21. Bxd5 exd5
22. Qd3 g6 23. Bc3 Bb4 $11) 17. Bxa8 Nc4 18. Bc1 (18. Qe2 Nxb2 19. Bc1 (19. Ne4
Nd5 $11) 19... Qxc3 20. Qxe5 Na4 $1 (20... Nd1 21. Rxd1 Qxe5 22. fxe5 Ng4 23.
Bc6 $16) 21. Rxa4 Qxc2 $11) 18... exf4 (18... Bd6 19. b3 Nb6 20. Ne4 Nxe4 21.
Bxe4 $14) 19. Bxf4 e5 (19... Bd6 20. Bxd6 Nxd6 21. Qe2 $16) 20. Bc1 {It is
quite possible, that 20.Bg5!? was more dangerous for black.} (20. Bg5 $5 Nxb2 (
20... Bg4 21. Qe1 Rxa8 22. Bxf6 gxf6 23. Nd5 $18) 21. Qf3 e4 (21... Bb4 22. Nd5
Nxd5 23. Bxd5 Be6 24. Bxe6 Rxe6 25. Rab1 $16) 22. Nxe4 Ng4 23. Bf4 $16) 20...
Nb6 (20... Bg4 21. Bf3 (21. Nd5 Nxd5 22. Qxd5 Nb6 23. Qc6 Qb8 24. Bb7 Re6 25.
Qe4 f5) 21... Bxf3 22. Qxf3 $16) 21. Bf3 e4 22. Be2 Bd6 23. Be3 (23. Bxa6 Bxh2
24. Bxc8 Rxc8 25. Rxf6 gxf6 26. Be3 f5 27. Bxb6 Qxb6 28. Kxh2 Qh6+ 29. Kg3 (29.
Kg1 Qe3+ 30. Kf1 Qf4+ $11) 29... Qe3+ $11) 23... Rd8 (23... Bxh2 24. Bxb6 Qxb6
25. Kxh2 Qxb2 26. Qd4 $16) 24. Qd4 Nbd7 (24... Nfd7 25. Qxe4 Bxh2 26. Bd3 g6
27. Qe7 $18) 25. Bg1 Nc5 (25... Be5 26. Qc4 Qxc4 27. Bxc4 $16) 26. Rad1 Bb7 27.
Bc4 Be7 (27... Ne6 28. Bxe6 fxe6 29. Qb6 $16) 28. Qe3 Ncd7 29. Bb3 Re8 (29...
Bd6 30. Qa7 $5 Be5 (30... Ra8 31. Qd4 Be7 32. Bxf7+ Kxf7 33. Qxd7 $18) 31. Bb6
Nxb6 32. Rxd8+ Qxd8 33. Qxb7 $18) 30. Qd4 Ne5 31. Qb6 {Black has good piece
play, but only one pawn for the missing exchange. White's chances are better,
but he has to play well.} Qc8 (31... Qxb6 32. Bxb6 $16) 32. Qa5 Bf8 (32... Nc6
33. Qa2 Rf8 34. Nd5 Nxd5 35. Bxd5 $18) 33. Ba4 (33. Bb6 Nc4 34. Bxc4 Qxc4 35.
Qg5) (33. Rfe1 Qb8 34. Qa4 $16) 33... Nc4 34. Qf5 Qxf5 (34... Nxb2 35. Bxe8
Qxf5 36. Rxf5 Nxd1 37. Rxf6 gxf6 (37... Nxc3 38. Bxf7+ Kh8 39. Rb6 $18) 38.
Nxd1 $16) 35. Rxf5 Rc8 36. Rb1 e3 (36... Be7 37. Bb3 Nd2 38. Rd1 Nxb3 39. cxb3
$14) 37. Bb3 Nxb2 (37... Nd2 38. Re1 $16) 38. Ne2 (38. Rxb2 Rxc3 39. Bxf7+ Kxf7
40. Rxb7+ Ke6 41. Ra5 $11) 38... Ba3 39. Ra5 Bb4 40. Ra2 {The strayed knight
on b2 and two bishops along the b file are not easy to protect.} (40. Raa1 $1
Nc4 41. c3 Nd2 42. cxb4 Nxb1 43. Rxb1 $16) 40... Nc4 41. Bxc4 (41. c3 Na3 42.
Rba1 Bd6 43. Rxa3 Bxa3 44. Rxa3 Rc5 $14) 41... Rxc4 42. c3 Rg4 (42... Bd5 43.
cxb4 Rg4 44. Nc3 (44. h3 Rxg2 45. Rd1 Rg5+ 46. Rxd5 Nxd5 47. Rxa6 h6 48. b5 Nc7
49. Bxe3 Rxb5 $14) 44... Bxa2 45. Nxa2 e2 46. Re1 Re4 47. Bc5 $16) 43. Ng3 (43.
Nd4 Nd5 44. Bxe3 (44. cxb4 Nc3 45. Rbb2 Nxa2 46. Bxe3 Nc3 $17) 44... Rxg2 (
44... Nxe3 45. Rxb4 Rf4 46. h3 $18) 45. Rxg2 Nxe3 46. Kg1 Bxg2 47. cxb4 $16)
43... Bd5 (43... Nd5 44. Rab2 Nf4 45. Bxe3 Bxg2+ 46. Kg1 $18) 44. Rxa6 Bf8 (
44... Bxc3 45. Rb8+ $18) 45. Bxe3 h5 (45... Ne4 46. Nxe4 Rxe4 47. Bf2 Re2 48.
Kg1 Rc2 49. Rd1 Be4 50. Ra4 f5 51. c4 $16) 46. Bd4 h4 47. Bxf6 hxg3 (47... gxf6
48. Ra5 Bc6 49. Rb6 Rc4 50. Raa6 Bd5 51. Nh5 $16) 48. Be5 gxh2 (48... Re4 49.
Bxg3 Re2 50. Ra5 Bc6 51. Rg1 $18) 49. Rb2 f5 50. Kxh2 {Finally a technical
position with extra exchange for white. Despite great reduction in material
the stronger side should prevail.} Rh4+ 51. Kg3 (51. Kg1 Bc5+ 52. Bd4 (52. Kf1
$2 Bc4+ $19) 52... Bxd4+ 53. cxd4 Rxd4 54. Rd6 $16) 51... Rg4+ 52. Kh3 Be7 53.
Ra5 Bc6 (53... Rh4+ 54. Kg3 Rg4+ 55. Kh2 $18) 54. Bd4 Bd6 55. Be5 (55. Rxf5 Rg6
56. g4 Bd7 57. Rb6 Rh6+ 58. Kg2 Bxf5 59. gxf5 Bc7 60. Rg6 $1 $18) 55... Be7 56.
Kh2 (56. g3 Rg5 57. Rb8+ Kh7 58. Kh2 $18) 56... Re4 57. Rb6 Rh4+ 58. Kg1 Rc4
59. Bd4 Be4 (59... g6 60. Raa6 Be8 61. Rb7 $18) 60. Ra7 Kf7 (60... Kf8 61.
Bxg7+ $1 Kxg7 62. Rxe7+ Kf8 63. Ra7 $18) (60... Bf8 61. Rb8 $18) 61. Bxg7 $1
Rc6 62. Rxc6 Bxc6 63. Bd4 Ke6 64. Kf2 Be4 65. g3 Bg5 66. Ra5 Bd3 67. g4 $1 Bh4+
(67... Bf4 68. Kf3 Bc7 69. gxf5+ Bxf5 70. Ra7 $18) 68. Ke3 Bc2 69. Re5+ 1-0

[Event "EU-ch 4th"]
[Site "Istanbul"]
[Date "2003.06.01"]
[Round "3"]
[White "Stefansson, Hannes"]
[Black "Rytshagov, Mikhail"]
[Result "1/2-1/2"]
[WhiteElo "2565"]
[BlackElo "2491"]
[Annotator "Ftacnik,L"]
[PlyCount "78"]
[EventDate "2003.05.30"]
[EventType "swiss"]
[EventRounds "13"]
[EventCountry "TUR"]
[SourceTitle "CBM 096"]
[Source "ChessBase"]
[SourceDate "2003.09.25"]
[SourceVersion "1"]
[SourceVersionDate "2003.09.25"]
[SourceQuality "1"]

1. e4 c5 2. Nf3 d6 3. d4 cxd4 4. Nxd4 Nf6 5. Nc3 a6 6. Be3 e6 7. Be2 Be7 8. f4
O-O 9. O-O Nc6 10. Kh1 Bd7 11. Nb3 b5 12. Bf3 Qc7 13. Qe1 Bc8 (13... Rab8 14.
Rd1 b4 15. Ne2 e5 16. Ng3 a5 17. fxe5 dxe5 18. Be2 Rfd8 19. Qf2 Be6 20. Rxd8+
Nxd8 {1/2-1/2 Sorri,K-Kanko,I/Helsinki 1991/ (50)}) 14. e5 (14. Qg3 Re8 15. a3
Bb7 16. Rf2 Rac8 17. Raf1 Na5 18. Nxa5 Qxa5 19. e5 Nd5 20. Nxd5 Bxd5 21. Bxd5
exd5 22. f5 Bf8 23. f6 g6 24. exd6 Re6 25. Qh3 Bxd6 26. Bd4 Rce8 {1/2-1/2
Connolly,S-Hind,B/Istanbul 2000/ (26)}) 14... Nd7 (14... dxe5 15. fxe5 Nd7 16.
Qg3 Bb7 17. Bh6 Qxe5 18. Bf4 Qf6 19. Bd6 $1 Bxd6 (19... Qg5 20. Bxe7 Qxe7 21.
Qc7 $18) 20. Qxd6 Qe7 21. Qxe7 Nxe7 22. Bxb7 $18) 15. Nd4 (15. exd6 Bxd6 16.
Na5 Ndb8 17. Rd1 Be7 18. Nxc6 Nxc6 19. f5 $14) 15... Ndb8 $6 {This shocking
retreat of the knight to b8 just can not be right! Rytshagov had to close his
eyes and play the consequent 15...Nxd4!? with fair chances.} (15... Nxd4 $5 16.
Bxd4 Rb8 17. exd6 Bxd6 18. Qg3 f6 19. Bg4 e5 20. fxe5 Nxe5 21. Bxc8 Rbxc8 22.
Ne4 Nc4 $11) 16. a4 $6 (16. exd6 $1 Bxd6 17. Rd1 Rd8 18. Qf2 $16) 16... b4 (
16... bxa4 17. Rxa4 d5 18. Nb3 $14) 17. Nxc6 Nxc6 18. exd6 Bxd6 19. Ne4 Be7 (
19... Bxf4 $2 20. Bxf4 Qxf4 21. Nf6+ gxf6 22. Bxc6 Qb8 23. Bxa8 Qxa8 24. Qxb4
$18) 20. c4 Rb8 (20... bxc3 21. Qxc3 Bb7 22. Rac1 $14) 21. Qf2 Na5 {Black has
some targets for counterplay and the chances are mutual.} (21... b3 22. Rfd1
Nb4 23. Ba7 Rb7 24. Bc5 Nc2 25. Bxe7 Qxe7 26. Rac1 $14) 22. Ba7 (22. Nd2 b3 23.
c5 Rd8 $11) 22... Rb7 23. Bd4 (23. Bc5 Qxf4 24. Bxe7 Rxe7 25. Qc5 Qc7 26. Qxb4
Bb7 27. Rac1 $11) 23... Qxf4 (23... Nb3 $5 24. Be5 Qxc4 25. Rad1 Rd7 26. Nd6
$15) 24. Nc5 (24. Ng3 Rd7 25. Bxg7 $1 Rfd8 26. Nh5 Qg5 27. Be2 f5 $13) 24...
Rc7 25. Nd3 Qh6 (25... Qg5 26. c5 (26. h4 Qh6 27. Be3 g5 $17) 26... Nb3 27. Be3
Qf5 28. Rad1 Nxc5 $17) 26. Be3 (26. Bb6 $5 Rd7 (26... Bd6 27. h3 Qg6 28. Bxa5
Qxd3 29. Rad1 Qf5 30. Bxc7 Bxc7 31. Qe3 $14) 27. Ne5 Rd2 (27... Bd6 28. Ng4 Qg5
29. h4 Qf5 30. c5 Nb3 31. cxd6 Nxa1 32. Rxa1 $16) 28. Qe1 Bh4 29. Ng4 Qg5 30.
g3 Bxg3 31. hxg3 Bb7 32. Bxb7 Nxb7 33. Rf4 $14) 26... Bg5 (26... Qf6 27. Bb6
Rd7 28. Nc5 Nxc4 29. Nxd7 Bxd7 $11) 27. Qg3 $1 (27. Bb6 Rd7 28. Ne5 Bf4 29. Ng4
Qg5 $17) 27... Bxe3 28. Qxc7 {White has grabbed the exchange and due to the
passivity of c8 bishop his chances are better.} Nb3 29. Rad1 Nd2 30. Rfe1 (30.
Rxd2 $2 Bxd2 31. Qb6 b3 32. Qxb3 Qe3 $15) 30... Nxf3 31. gxf3 Bg5 32. Re2 Bf6 (
32... Qh5 33. Kg2 Qg6 34. Ne5 Qh5 $14) (32... Rd8 $2 33. Red2 Bb7 34. Ne1 $18)
33. Nxb4 Qh5 34. Rd3 Qh3 35. Kg1 $6 (35. Rg2 Qh4 36. Rd1 Qh5 37. Qc6 $16) 35...
Qf5 36. a5 {Defensing against a6-a5, but now black escapes with perpetual
check.} (36. Red2 Be5 37. Qb6 Bf4 38. Rd1 Qh5 39. Qf2 $16) 36... Qg5+ 37. Kh1
Qc1+ 38. Kg2 Qg5+ 39. Kh1 (39. Qg3 Qc5 40. Qd6 Qg5+ $11) 39... Qc1+ 1/2-1/2

[Event "Budapest FS04 GM-A"]
[Site "Budapest"]
[Date "2002.04.04"]
[Round "3"]
[White "Rajlich, Vasik G"]
[Black "Flumbort, Andras"]
[Result "1-0"]
[WhiteElo "2377"]
[BlackElo "2414"]
[Annotator "Ftacnik,L"]
[PlyCount "77"]
[EventDate "2002.04.02"]
[EventType "tourn"]
[EventRounds "13"]
[EventCountry "HUN"]
[EventCategory "9"]
[SourceTitle "CBM 089"]
[Source "ChessBase"]
[SourceDate "2002.08.12"]
[SourceVersion "1"]
[SourceVersionDate "2002.08.12"]
[SourceQuality "1"]

1. e4 c5 2. Nf3 d6 3. d4 cxd4 4. Nxd4 Nf6 5. Nc3 a6 6. Be2 e6 7. a4 Nc6 8. Be3
Be7 9. O-O O-O 10. f4 Qc7 11. Kh1 Re8 12. Bd3 e5 13. fxe5 dxe5 14. Nf5 Bxf5 15.
Rxf5 Nd4 {Black should not have big problems as he manages to exclude white
squared bishop from the c4 square.} (15... Rad8 16. Qf3 Nd4 17. Bxd4 exd4 18.
Ne2 Nd7 19. Nxd4 Ne5 20. Qg3 Bd6 21. c3 Ng6 22. Qh3 Nf4 23. Qf3 g6 {0-1
Ikonnikov,D-Semeniuk,A/Voronezh 1991/ (38)}) 16. Bxd4 exd4 17. Nd5 Nxd5 (17...
Qc6 18. Qf3 $14) 18. exd5 g6 19. Qg4 Bf8 (19... Bd6 20. h3 Qa5 $11) 20. Raf1
Bg7 $6 {[%mdl 256] Giving up the queen for two rooks was not necessary, white
will generate strong attack on the white squares.} (20... Qd7 $1 21. Qh4 (21.
h3 Re7 22. d6 Qxd6 23. Rxf7 Rxf7 24. Bc4 b5 25. Bxf7+ Kh8 $11) 21... Re7 22. d6
Qxd6 23. Rxf7 Rxf7 24. Bc4 Be7 25. Rxf7 Bxh4 26. Rd7+ Kf8 27. Rxd6 Rd8 $11) 21.
Rxf7 Qxf7 (21... Re7 22. Rxe7 Qxe7 23. Qe6+ Qxe6 24. dxe6 $18) 22. Rxf7 Kxf7
23. h4 $1 Rad8 (23... Re1+ 24. Kh2 Be5+ 25. g3 Re3 26. h5 (26. Qd7+ Kg8 27. h5
Rf8 28. h6 Rf2+ 29. Kg1 Rf7 30. Qc8+ Rf8 31. Qe6+ Kh8 $13) 26... gxh5 27. Qxh5+
Ke7 28. Qxh7+ Kd6 29. Qxb7 Rh8+ 30. Bh7 $18) 24. h5 Rd6 (24... Rxd5 25. Bc4 $18
) 25. Qf4+ Ke7 (25... Rf6 26. Qc7+ Re7 27. hxg6+ hxg6 28. Qc5 $14) 26. Qg3 Bf6
(26... Rf8 27. hxg6 hxg6 28. Bxg6 Rxd5 29. Qb3 $16) 27. hxg6 hxg6 28. Qxg6 Kd8
(28... Be5 29. Qg5+ Bf6 30. Qf5 $16) 29. g4 {With two spare pawns and complete
control of the white squares white manages to avoid any problems for his own
king.} Re5 30. Bf5 Re1+ (30... Rexd5 31. g5 Be7 32. Qh7 a5 33. Kg2 $18) 31. Kg2
Kc7 32. Be6 Be5 (32... Be7 33. Qg7 Kd8 34. a5 $18) 33. Qe8 Kb6 (33... Rc1 34.
a5 Rxc2+ 35. Kf3 Rxe6 36. dxe6 $18) 34. Qc8 Re2+ 35. Kf1 d3 (35... Re3 36. Qc4
$18) 36. cxd3 Rxb2 37. g5 Rh2 38. g6 Rh8 (38... a5 39. Qf8 Ka7 40. d4 Rb6 41.
Qc5 Bd6 42. Qxb6+ Kxb6 43. g7 $18) 39. a5+ (39. a5+ Kb5 (39... Kxa5 40. Qc5+ b5
41. g7 $18) 40. Qxb7+ Ka4 41. g7 $18) 1-0

[Event "EU-ch 3rd"]
[Site "Batumi"]
[Date "2002.06.13"]
[Round "2"]
[White "Yegiazarian, Arsen"]
[Black "Yagupov, Igor"]
[Result "0-1"]
[WhiteElo "2567"]
[BlackElo "2474"]
[Annotator "Ftacnik,L"]
[PlyCount "86"]
[EventDate "2002.06.12"]
[EventType "swiss"]
[EventRounds "13"]
[EventCountry "GEO"]
[SourceTitle "CBM 090"]
[Source "ChessBase"]
[SourceDate "2002.09.20"]
[SourceVersion "1"]
[SourceVersionDate "2002.09.20"]
[SourceQuality "1"]

1. e4 c5 2. Nf3 d6 3. d4 Nf6 4. Nc3 cxd4 5. Nxd4 a6 6. Be2 e6 7. O-O Be7 8. f4
Qc7 9. a4 Nc6 10. Be3 O-O 11. Kh1 Re8 12. a5 Bf8 13. Nb3 Ne7 14. Bd3 (14. Bf3
Bd7 15. Bb6 Qb8 16. Qd2 Bc6 17. Rad1 Ng6 18. Nd4 Nd7 19. Nxc6 bxc6 20. Na4 Nxb6
21. Nxb6 Ra7 22. Bh5 d5 {0-1 Yegiazarian,A-Ermenkov,E/Ohrid 2001/ (36)}) 14...
Ng6 15. Na4 (15. Qf3 Bd7 16. Bd4 Be7 17. e5 Bc6 18. Qe2 Nd5 19. Nxd5 Bxd5 20.
c4 Bc6 21. Bb6 Qb8 22. Nd4 Bd7 23. Qh5 Bd8 24. Bxd8 Rxd8 25. Nf3 Be8 26. Ng5 h6
27. Nxf7 Nf8 28. Nxh6+ gxh6 29. Qxh6 Rd7 30. Rf3 {1-0 Volokitin,A-Cheparinov,I/
Leon 2001/ (40)}) 15... Bd7 16. Nb6 Rad8 {With a transfer of the knight from
c6 to g6 black has managed to make space for all his pieces in the center.} 17.
Qf3 (17. Nc4 Rc8 18. Bb6 Qb8 19. e5 Nd5 $11) 17... Bc6 18. Nd4 d5 19. e5 (19.
Nxc6 Qxc6 20. e5 Ne4) 19... Ne4 20. Nxc6 Qxc6 21. c4 (21. Qg4 Ne7 22. Rfd1 Nf5
23. Bg1 $14) 21... Nh4 22. Qh3 dxc4 23. Bc2 (23. Bxc4 Nf5 24. Bg1 Bc5 $15)
23... Nf5 24. Ba4 Qc7 25. Bxe8 $2 (25. Rac1 Rd3 26. Bxe8 Nxe3 27. Rf3 Qd8 $17)
(25. Qf3 $1 Rd3 (25... Nxe3 26. Qxe3 Nd2 27. Bxe8 Nxf1 28. Bxf7+ Kxf7 29. Rxf1
$11) 26. Qxe4 Rxe3 27. Qxc4 Rc8 28. Bb3 Qxc4 29. Bxc4 Rc5 $11) 25... Rd3 $3 {
[%mdl 64] Fascinating combination, that takes advantage of the virtual back
rank problem and surprisingly poor coordination of white's pieces.} 26. Rae1 (
26. Bxf7+ Qxf7 (26... Kxf7 27. Qh5+ Kg8 28. Bf2 $18) 27. Nxc4 Qc7 28. Rac1 Rxe3
29. Nxe3 Qxc1 30. Rxc1 Nf2+ 31. Kg1 Nxh3+ 32. gxh3 Nxe3 33. Rc7 Nd5 34. Rxb7
Bb4 $17) (26. Qf3 Rxe3 27. Qd1 Rd3 28. Qa4 (28. Qe1 Nfg3+ 29. hxg3 Nxg3+ 30.
Kh2 Nxf1+ 31. Qxf1 Qe7 $19) 28... Qd8 29. Qxc4 Qh4 $19) 26... Nxe3 27. Qxe3 (
27. Rxe3 Nf2+ 28. Rxf2 Rd1+ $19) 27... Rxe3 28. Rxe3 Nd2 29. Rc1 (29. Rd1 Bb4
30. Na4 Qxa5 31. Nc3 b5 32. h3 Nb3 $19) 29... Bb4 (29... Qd8 $5 30. Ba4 (30.
Rd1 Qd4 31. Re2 Bb4 $19) 30... Qd4 31. Rec3 Ne4 $19) 30. Nxc4 Bxa5 (30... Nxc4
31. Re4 Qxa5 32. Rexc4 Bd2 33. Rd1 g5 $17) 31. Bxf7+ $1 {With a great phantasy
and some opponent's help Yegiazarian manages to organize some counterplay.} (
31. Rd3 Nxc4 32. Rd7 Qc5 33. Bxf7+ Kf8 34. Bxe6 b5 $19) 31... Kf8 (31... Qxf7
32. Nd6 (32. Nxd2 g5 33. Nf3 Qxf4 34. Rc8+ Kg7 35. Rb3 Qe4 $17) 32... Qd7 33.
Rc8+ Bd8 34. Rd3 (34. f5 h6 35. fxe6 Qa4 36. Rxd8+ Kh7 37. Re1 Qh4 38. Rd1 Qxd8
39. Rxd2 Qa5 40. Rd1 Qxe5 $19) 34... Ne4 35. Nxb7 Nf2+ 36. Kg1 Nxd3 37. Rxd8+
Qxd8 38. Nxd8 Nxf4 $11) 32. Bxe6 b5 33. b3 Qc5 34. Re2 (34. Rd3 Ne4 $1 35. Re3
Nf2+ 36. Kg1 Nd3 $19) 34... bxc4 (34... Nxb3 35. Rcc2 bxc4 36. Rxc4 Qb6 37.
Rc8+ Ke7 38. Bxb3 Qxb3 $19) 35. Bg4 (35. bxc4 Nb3 $19) 35... Qa3 36. Rce1 c3
37. e6 Ke7 38. Bf5 Qb2 39. Re5 Bb6 40. Rd5 g6 $2 {The proverbial 40th move is
always difficult, black was still winning, but only with a help of spirited
move like 40...Nf3!} (40... Nf3 $1 41. Rd7+ (41. gxf3 Qf2 42. Rd7+ Ke8 $19)
41... Ke8 42. Bxh7 Nh4 43. Rxg7 c2 44. Rg8+ Ke7 45. Bxc2 Bf2 $19) 41. Rd7+ Ke8
42. e7 $2 (42. Bd3 $1 c2 (42... Bd8 43. Rxh7 Qa3 44. Bxg6+ Kf8 45. Rh8+ Ke7 46.
Re8+ Kf6 47. Rxd8 Nxb3 48. e7 $18) 43. Rxh7 Bc5 44. e7 Bxe7 45. Rexe7+ Kf8 46.
Rhf7+ Kg8 47. Rg7+ Kf8 $11) 42... gxf5 43. Rb7 Ne4 0-1

[Event "MK Cafe Cup-A"]
[Site "Koszalin"]
[Date "1999.08.12"]
[Round "9"]
[White "Timoshenko, Georgy"]
[Black "Lesiege, Alexandre"]
[Result "0-1"]
[WhiteElo "2576"]
[BlackElo "2553"]
[Annotator "Ftacnik,L"]
[PlyCount "108"]
[EventDate "1999.08.03"]
[EventType "swiss"]
[EventRounds "9"]
[EventCountry "POL"]
[SourceTitle "CBM 073"]
[Source "ChessBase"]
[SourceDate "1999.12.01"]
[SourceVersion "1"]
[SourceVersionDate "1999.12.01"]
[SourceQuality "1"]

1. e4 c5 2. Nf3 d6 3. d4 cxd4 4. Nxd4 Nf6 5. Nc3 a6 6. Be2 e6 7. O-O Be7 8. f4
O-O 9. Kh1 Qc7 10. a4 Nc6 11. Be3 Re8 12. Bf3 Rb8 13. Qd2 Bd7 14. Nb3 b6 15. g4
Bc8 16. g5 Nd7 17. Qf2 Na5 {This type of position has become quite common in
Scheveningen. Black has solid position with chances for counterplay, white
attacks with full power of the kinside pawn march.} (17... Bf8 18. Bg2 (18. h4
Bb7 $5 19. h5 Na5 20. Rad1 (20. Bxb6 Nxb6 21. Nxa5 Ba8 $44) 20... Nc4 21. Bc1
Rbc8 $6 (21... g6 {/\ ...Bf8-g7}) 22. Bg2 Nc5 23. Nd4 {0-1 Beliavsky,
A-Kasparov,G/Barcelona 1989/ (61)}) (18. Rae1 Bb7 19. Bg2 g6 20. h4 (20. Qh4
Bg7 21. f5 Bxc3 22. bxc3 exf5 23. exf5 Nce5 24. Bd4 Bxg2+ 25. Kxg2 Qc6+ 26. Kg3
{1-0 Timoshenko,G-Kuporosov,V/Berlin/1995/ (40)}) 20... Bg7 21. h5 Ne7 (21...
Nb4 22. hxg6 fxg6 23. Qd2 Rbc8 24. Nd4 Bxd4 25. Bxd4 {1-0 Yemelin,V-Lingnau,C/
Budapest/1994/ (36)}) 22. Bd4 f6 23. hxg6 hxg6 24. gxf6 Nxf6 25. Bxb6 Qd7 26.
Rd1 {1-0 Yemelin,V-Brodsky,M/St.Petersburg/1993/ (53)}) 18... Bb7 (18... g6 19.
h4 Nb4 20. Rad1 Bb7 21. h5 Nc5 22. Rd4 Nc6 23. Rd2 Nb4 24. Rd4 Nc6 25. Rd2 Nb4
{1/2-1/2 Galkin,A-Biriukov,O/St.Petersburg/1995/ (25)}) 19. Rad1 g6 20. Bc1 (
20. Qh4 Bg7 21. Rf3 Na5 22. Rh3 Nf8 {1/2-1/2 Koglin,A-Krupkova,P/Germany/1998/
(67)}) 20... Rbc8 (20... Nc5 21. Nxc5 dxc5 22. Rd3 Rbd8 23. Rh3 Nd4 24. Nd1 h5
25. gxh6 Kh7 {1/2-1/2 Hellers,F-Wojtkiewicz,A/Haninge/1990/ (32)}) (20... Bg7
21. Rd3 Ne7 22. Rfd1 d5 23. f5 exf5 24. exd5 Qd6 {1/2-1/2 Arakhamia,
K-Vratonjic,S/Aegina 1995/ (57)}) 21. Rd3 Nb4 22. Rh3 Bg7 23. Be3 (23. f5 $1
$16) 23... Re7 24. Kg1 Rce8 25. Rd1 f5 26. gxf6 Nxf6 27. Rg3 Rf7 {0-1 Karpov,
A-Kasparov,G/Moscow/1985/ (42)}) (17... Bb7 18. Qg3 Bf8 19. Bg2 Nb4 20. Rf2
Rbd8 21. h4 d5 22. h5 Nc5 23. Nd4 Nxe4 24. Nxe4 dxe4 25. g6 {1-0 Videkovic,
M-Poljak,S/Pula/1999/ (46)}) 18. Nd4 (18. Nxa5 bxa5 19. Rab1 Nc5 20. Bd4 Bb7
$13) 18... Bf8 19. Bg2 Nc4 (19... Bb7 20. f5 Ne5 21. fxe6 fxe6 22. Nxe6 Rxe6
23. Bxb6 Qe7 24. Bxa5 Qxg5 25. Nd5 $16) 20. Bc1 Bb7 21. b3 Na5 22. Bb2 Nc6 23.
Nf3 (23. Rad1 g6 $13) 23... g6 24. Rad1 Bg7 25. f5 Nde5 (25... Nce5 26. f6 Bf8
27. Qh4 $14) 26. f6 Bf8 (26... Bh8 {xBh8}) 27. Qh4 Ba8 28. Ne2 b5 {Black has
to open a new front on the other side of the board, since his king is quite
cramped.} 29. Nf4 $5 Red8 (29... bxa4 30. Nxe5 Nxe5 31. Bxe5 dxe5 32. Nxg6 $1
hxg6 (32... fxg6 33. f7+ Kh8 34. fxe8=Q Rxe8 35. bxa4 $18) 33. Rd3 $18) 30.
axb5 Rxb5 (30... axb5 31. Rd2 $14) 31. Rde1 Qb6 32. Bc1 (32. Nd2 Nb4 $13) 32...
Qc5 33. Rf2 Nxf3 34. Bxf3 (34. Rxf3 Qxc2 35. Rh3 h6 36. gxh6 Kh7 $17) 34... Nd4
35. Bd1 $2 (35. Bb2 d5 36. Bxd4 Qxd4 37. Rd1 Qc3 $11) 35... Nf5 $1 {An unusual
tactical blow using the impact of the forgotten Ba8, white is lost.} 36. Nxe6 (
36. Qh3 Qxf2 37. Nd3 Qh4 $19) 36... Nxh4 (36... fxe6 37. Qf4 Rb7 38. Bb2 Rf7
$17) 37. Nxc5 Rxc5 (37... dxc5 38. Rf4 Nf5 $19) 38. Kg1 Re8 39. Kf1 (39. Rf4
Nf5 40. b4 Rce5 $19) 39... Bxe4 40. Rf4 (40. Kg1 Rce5 $19) 40... Bg2+ 41. Kf2
Rxe1 42. Kxe1 Nf5 43. Rb4 Rc8 (43... h6 44. Rb6 Rc6 $19) 44. Rb6 d5 45. Rxa6
Bb4+ 46. Kf2 (46. Bd2 $2 Re8+ 47. Be2 Bf3 48. Bxb4 Rxe2+ $19) 46... Be4 47. c4
(47. Ra2 Nd4 (47... Kf8 $19) 48. c4 dxc4 49. Ra4 Nc2 50. Bxc2 Bc5+ 51. Be3
Bxe3+ 52. Kxe3 Bxc2 $19) 47... dxc4 48. bxc4 Rxc4 49. Bb2 Bb7 50. Ra2 Rf4+ 51.
Ke2 (51. Kg1 Bc5+ $19) 51... Bf3+ 52. Kd3 Bxd1 53. Ra8+ Bf8 54. Kd2 (54. Ba3
Rf3+ 55. Kd2 Rxa3 $19) 54... Rf2+ 0-1